A Soldier's Daughter Never Cries /
محفوظ في:
| المؤلف الرئيسي: | |
|---|---|
| مؤلفون آخرون: | , , , , , , , , |
| التنسيق: | |
| اللغة: | الإنجليزية |
| منشور في: |
Londres, Inglaterra :
Merchant Ivory Productions,
1998, c1998
|
| الموضوعات: | |
| الوسوم: |
لا توجد وسوم, كن أول من يضع وسما على هذه التسجيلة!
|
MARC
| LEADER | 00000ngm^a2200000^a^4500 | ||
|---|---|---|---|
| 001 | 000183590 | ||
| 005 | 20251020000000.0 | ||
| 009 | 20260310102044.915 | ||
| 037 | |a Acervo ITESO - Biblioteca | ||
| 041 | |a ING | ||
| 082 | |a 820. |b IVO | ||
| 100 | |a Ivory, James |e (realización) | ||
| 240 | 1 | 4 | |a [La hija de un soldado nunca llora] |
| 245 | 1 | 2 | |a A Soldier's Daughter Never Cries / |c Realización de J. Ivory. |
| 246 | 2 | |a Título en México: no conocido/no identificado | |
| 246 | 2 | |a Título alternativo en español (Argentina, España y Perú): La hija de un soldado nunca llora | |
| 264 | 4 | |a Londres, Inglaterra : |b Merchant Ivory Productions, |c 1998, c1998 | |
| 264 | 2 | |a EUA : |b USA Home Entertainment [distribución], |c 2002, c2002 | |
| 300 | |a 1 DVD región 1 |c (127, 24 min.) + |e 1 díptico | ||
| 336 | |a imagen móvil bidimensional |b tdi |2 rdacontenido | ||
| 337 | |a video |b v |2 rdamedio | ||
| 338 | |a videodisco |b vd |2 rdasoporte | ||
| 500 | |a Basado en: La hija de un soldado nunca llora, de Kaylie Jones | ||
| 546 | |a En inglés, con subtítulos opcionales: inglés | ||
| 586 | |a Premio Spirit, del Cine Independiente Norteamericano (14°: 1999): Mejor Película (finalista) | ||
| 649 | |a XX | ||
| 650 | |a Cineastas Norteamericanos | ||
| 650 | |a Familia en el Cine | ||
| 650 | |a Norteamericanos en Francia | ||
| 650 | |a Escritores Norteamericanos - |x Memorias - |x Adaptaciones para Cine | ||
| 650 | |a Mujeres Norteamericanas - |x Memorias - |x Adaptaciones para Cine | ||
| 650 | |a Dramas Cinematográficos | ||
| 650 | |a Cine Inglés - |y 1990-1999 | ||
| 650 | |a Cine Inglés - |y Siglo XX | ||
| 650 | |a Cine Inglés - |x Historia y Crítica | ||
| 650 | |a Novela Norteamericana - |x Adaptaciones para Cine | ||
| 650 | |a Literatura Norteamericana - |y Siglo XX - |x Adaptaciones para Cine | ||
| 650 | |a Literatura y Cine | ||
| 650 | |a Relaciones Familiares | ||
| 650 | |a París, Francia en el Cine | ||
| 650 | |a Jones, James - |x Tema Principal | ||
| 650 | |a Jones, Kaylie | ||
| 740 | 2 | |a A Soldier’s Daughter Never Cries : |b The Filmmakers / | |
| 700 | |a Jhabvala, Ruth Prawer |e (guión) | ||
| 700 | |a Ivory, James |e (guión) | ||
| 700 | |a Fabre, Jean-Marc |e (fotógrafo) | ||
| 700 | |a Boisson, Noëlle |e (montaje) | ||
| 700 | |a Robbins, Richard |e (música) | ||
| 700 | |a Kristofferson, Kris |e (actuación) | ||
| 700 | |a Hershey, Barbara |e (actuación) | ||
| 700 | |a Sobieski, Leelee |e (actuación) | ||
| 700 | |a Ivory, James |e (texto) | ||
| 910 | |a Fondo General | ||
| 920 | |a Audiovisuales - DVDs | ||
| 940 | |a Películas | ||
| 905 | |a 302 | ||
| 901 | |a 0500088672 |b IT2 |c DVS |u 20250521 | ||
| 901 | |a 0500088671 |b IT2 |c MIN |u 20251020 | ||
| 902 | |a https://opac.biblio.iteso.mx/vufind/Record/000183590 | ||